| Tag |
First Indicator |
Second Indicator |
Subfields |
| LEADER |
00000cam a2200000Ka 4500 |
| 001 |
in00002527521 |
| 005 |
20151113122919.0 |
| 008 |
091110s2009 nyua 000 0beng d |
| 020 |
|
|
|a 9781439173145
|
| 020 |
|
|
|a 1439173141
|
| 029 |
1 |
|
|a NZ1
|b 13121847
|
| 029 |
1 |
|
|a AU@
|b 000044900388
|
| 035 |
|
|
|a (OCoLC)ocn464606548
|
| 035 |
|
|
|a (OCoLC)464606548
|
| 040 |
|
|
|a UPZ
|c UPZ
|d BKL
|d UtOrBLW
|
| 043 |
|
|
|a n-us---
|a e-fr---
|
| 049 |
|
|
|a TXAM
|
| 050 |
|
4 |
|a GV1051.A76
|b A3 2009
|
| 082 |
0 |
4 |
|a 796.6/2092
|a B
|2 22
|
| 100 |
1 |
|
|a Armstrong, Lance.
|
| 245 |
1 |
0 |
|a Comeback 2.0 :
|b up close and personal /
|c Lance Armstrong ; photographs by Elizabeth Kreutz.
|
| 246 |
3 |
0 |
|a Up close and personal
|
| 264 |
|
1 |
|a New York :
|b Simon & Schuster,
|c 2009.
|
| 300 |
|
|
|a 1 volume (unpaged) :
|b illustrations (chiefly color) ;
|c 25 cm.
|
| 336 |
|
|
|a text
|b txt
|2 rdacontent
|
| 337 |
|
|
|a unmediated
|b n
|2 rdamedia
|
| 338 |
|
|
|a volume
|b nc
|2 rdacarrier
|
| 500 |
|
|
|a "A Touchstone book."
|
| 520 |
|
|
|a Seven-time Tour de France winner and cancer-survivor Lance Armstrong offers a first-person photo-journal of his 2009 comeback season, during which he helped promote a global cancer-awareness campaign, in a book with behind-the-scenes photos and stunning four-color shots of racing action.
|
| 600 |
1 |
0 |
|a Armstrong, Lance.
|
| 650 |
|
0 |
|a Cancer
|x Patients.
|
| 650 |
|
0 |
|a Cyclists
|z United States
|v Biography.
|
| 611 |
2 |
0 |
|a Tour de France (Bicycle race)
|d (2009)
|
| 611 |
2 |
0 |
|a Tour de France (Bicycle race)
|d (2009)
|v Pictorial works.
|
| 700 |
1 |
|
|a Kreutz, Elizabeth.
|
| 948 |
|
|
|a cataloged
|b h
|c 2009/12/17
|d c
|e ceaton
|f 2:43:32 pm
|
| 994 |
|
|
|a C0
|b TXA
|
| 999 |
|
|
|a MARS
|
| 999 |
f |
f |
|s 57bcf545-46a0-386e-a645-8fd32e4e5f24
|i a899f2b4-21a4-30eb-8d38-8aafa6d8a255
|t 0
|
| 952 |
f |
f |
|p normal
|a Texas A&M University
|b College Station
|c Sterling C. Evans Library
|d Evans: Library Stacks
|t 0
|e GV1051.A76 A3 2009
|h Library of Congress classification
|i unmediated -- volume
|m A14838045730
|
| 998 |
f |
f |
|a GV1051.A76 A3 2009
|t 0
|l Evans: Library Stacks
|